|
|
|
|
| LEADER |
01174cam a2200313 7i4500 |
| 001 |
0000054130 |
| 005 |
20221114090000.0 |
| 020 |
|
|
|a 0789731207 (electronic book)
|
| 090 |
0 |
0 |
|a TR267
|b .A27 2004
|
| 245 |
0 |
0 |
|a Absolute beginner's guide to digital photography
|c Joseph Ciaglia [and five others].
|
| 260 |
|
|
|a Indianapolis, Indiana:
|b Que Publishing,
|c 2004.
|
| 300 |
|
|
|a 1 online resource (xii, 368 pages):
|b illustrations, text file, PDF.
|
| 336 |
|
|
|a text
|2 rdacontent
|
| 337 |
|
|
|a computer
|2 rdamedia
|
| 338 |
|
|
|a online resource
|2 rdacarrier
|
| 650 |
|
0 |
|a Image processing --
|x Digital techniques
|
| 650 |
|
0 |
|a Photography --
|x Digital techniques
|
| 655 |
|
0 |
|a Electronic books
|
| 700 |
1 |
|
|a London, Barbara
|
| 700 |
1 |
|
|a Kuhns, Peter
|
| 700 |
1 |
|
|a Brill, Besty
|
| 700 |
1 |
|
|a Ciaglia, Joseph
|
| 700 |
1 |
|
|a Kobre, Ken
|
| 700 |
1 |
|
|a Upton, John
|
| 856 |
4 |
2 |
|u http://library.unisel.edu.my/web/guest/mylibrary
|
| 997 |
|
|
|a Communication, Visual Art & Computing, Faculty
|b Visual Art, Department
|
| 998 |
|
|
|a Photographic Technology, Diploma
|
| 998 |
|
|
|a Arts Creative Photography Technology, Degree
|
| 999 |
|
|
|a EBO0000527
|b EBOOK
|c EBOOK
|e Electronic resources
|